Harry Potter Memory Minefield Quiz Stats

 Plays Quiz Updated Jul 16, 2018

Score 0/168 Timer 10:00
5 Plays Today
** % Correct
Pk???
99.4%
Pt???
99.4%
Ha???
99.4%
Um???
99.4%
Cr???
99.4%
GG???
99.4%
My???
99.4%
Fi???
99.4%
Ar???
99.4%
Di???
99.4%
Do???
99.4%
AD???
99.4%
Kr???
99.4%
Du???
99.4%
Er???
99.4%
Lo???
99.4%
Lb???
99.4%
Lv???
99.4%
Le???
99.4%
Fn???
99.4%
Tl???
99.4%
Bl???
99.4%
Fl???
99.4%
Pm???
99.4%
Mg???
99.4%
Fl???
99.4%
Mo???
99.4%
Rv???
99.4%
Qu???
99.4%
Gp???
99.4%
Bb???
99.4%
Rd???
99.4%
Hc???
99.4%
Fl???
99.4%
Kk???
99.4%
Na???
99.4%
Kr???
99.4%
Lc???
99.4%
Gr???
99.4%
Gw???
99.4%
Pv???
99.4%
Cs???
99.4%
Hd???
99.4%
CC???
99.4%
Pg???
99.4%
Fu???
99.4%
Gt???
99.4%
Cb???
99.4%
Sl???
99.4%
Bm???
99.4%
Jh???
99.4%
Jr???
99.4%
Gb???
99.4%
Go???
99.4%
KS???
99.4%
Sp???
99.4%
** % Correct
Gn???
99.4%
HP???
99.4%
JK???
99.4%
Sc???
99.4%
SS???
99.4%
Fz???
99.4%
Fl???
99.4%
Wo???
99.4%
Dv???
99.4%
Dw???
99.4%
Sc???
99.4%
CC???
99.4%
Th???
99.4%
Fg???
99.4%
Mx???
99.4%
Sk???
99.4%
Wt???
99.4%
Mf???
99.4%
RL???
99.4%
Sp???
99.4%
Mm???
99.4%
NT???
99.4%
Pf???
99.4%
Ws???
99.4%
Fw???
99.4%
De???
99.4%
HH???
99.4%
60???
34.1%
81???
28.7%
40???
27.5%
75???
26.1%
13???
25.9%
04???
25%
74???
24.9%
69???
24.2%
24???
24.1%
12???
24%
19???
23.5%
44???
23.2%
78???
23.1%
49???
23.1%
27???
23.1%
56???
23%
38???
23%
29???
22.9%
64???
22.9%
18???
22.9%
15???
22.8%
32???
22.6%
71???
22.6%
37???
22.4%
84???
22.3%
68???
22.3%
11???
22.2%
76???
22.2%
25???
22%
** % Correct
47???
22%
05???
22%
36???
22%
03???
21.9%
07???
21.9%
10???
21.9%
20???
21.9%
17???
21.9%
09???
21.7%
72???
21.7%
30???
21.7%
06???
21.6%
34???
21.6%
14???
21.6%
42???
21.4%
01???
21.4%
83???
21.3%
33???
21.3%
08???
21.2%
50???
21.2%
22???
21.1%
16???
21.1%
46???
21%
61???
21%
26???
20.9%
82???
20.9%
79???
20.9%
41???
20.8%
73???
20.8%
Ol???
20.8%
43???
20.8%
54???
20.8%
62???
20.8%
45???
20.7%
23???
20.6%
52???
20.6%
70???
20.6%
31???
20.5%
63???
20.5%
55???
20.4%
80???
20.4%
48???
20.4%
21???
20.3%
58???
20.3%
57???
20.2%
53???
20%
51???
20%
02???
19.9%
35???
19.8%
28???
19.5%
65???
19.5%
66???
19.2%
59???
19.2%
77???
18.9%
67???
18.9%
39???
17.9%

You're not logged in!

Compare scores with friends on all Sporcle quizzes.
OR
Log In

Sporcle TV

Today on Sporcle TV


Watch our educational content, quiz creation guides, and fun videos on Sporcle TV.

Show Comments

Extras

Top Quizzes Today


Score Distribution

Your Account Isn't Verified!

In order to create a playlist on Sporcle, you need to verify the email address you used during registration. Go to your Sporcle Settings to finish the process.

Report this User

Report this user for behavior that violates our Community Guidelines.

Details: